| 000 | 01038cam a2200265 4500 | ||
|---|---|---|---|
| 001 | ABS61587 | ||
| 008 | 000000n1999 000 0 eng u | ||
| 035 | _a(Sirsi) u102845 | ||
| 100 | _aMynors, C. | ||
| 245 | _aSports, pastimes and village greens | ||
| 260 | _c1999 | ||
| 490 |
_aSolicitors' Journal _v143(43) 12 November 1999, 1054-1055(2) |
||
| 520 | _aA discussion of the issues surrounding the case "R v Oxfordshire CC ex p. Sunningwell Parish Council" where a patch of glebe land was registered as a village green by virtue of the fact that it had been used for sports and pastimes for longer than 20 years. | ||
| 590 | _aABS | ||
| 650 | _aVILLAGE GREENS | ||
| 650 | _aR V OXFORDSHIRE CC AND ANOTHER EX P SUNNINGWELL PARISH COUNCIL | ||
| 650 | _aRECREATIONAL USE | ||
| 650 | _aAS OF RIGHT REQUIREMENT | ||
| 650 | _aCOMMONS REGISTRATION ACT 1965 | ||
| 650 | _aR V SUFFOLK CC EX P STEED AND ANOTHER | ||
| 650 | _aGLEBE LAND | ||
| 650 | _aHOUSING DEVELOPMENT | ||
| 690 | _aPLANNING LAW AND PRACTICE | ||
| 942 | _n0 | ||
| 999 |
_c61816 _d61816 |
||